| 000 | 01079cam a2200217 4500 | ||
|---|---|---|---|
| 001 | WB4011-04 | ||
| 008 | 040316n2004 000 0 eng u | ||
| 035 | _a(Sirsi) u125427 | ||
| 245 | _aRecord purchases by private equity investors | ||
| 260 | _c2004 | ||
| 490 |
_aEstates Gazette _v(0411) 13 March 2004, 36(1) |
||
| 520 | _aPrivate equity investors spent £16.8bn on UK commercial property in 2003 according to Lambert Smith Hampton's "UK investment transactions - annual market report year ended 2003". Institutional investors were directly involved in only £6.8bn of purchases during the year. Property companies accounted for 64% of all private equity purchases in the UK in 2003, overseas investors 26% and the private investor market 10%. The full report is available at http://www.lsh.co.uk/news.htm after free registration. | ||
| 590 | _aWB | ||
| 590 | _aWB | ||
| 650 | _aPRIVATE INVESTORS | ||
| 650 | _aINSTITUTIONAL INVESTORS | ||
| 650 | _aOVERSEAS INVESTORS | ||
| 650 | _aPROPERTY COMPANIES | ||
| 690 | _aCOMMERCIAL PROPERTY-INVESTMENT | ||
| 942 | _n0 | ||
| 999 |
_c117106 _d117106 |
||